LEADER 02929 am 2200529 n 450 001 9910520198303321 005 20220118 010 $a2-7535-8543-1 024 7 $a10.4000/books.pur.155627 035 $a(CKB)4100000012430925 035 $a(FrMaCLE)OB-pur-155627 035 $a(oapen)https://directory.doabooks.org/handle/20.500.12854/86808 035 $a(PPN)26796272X 035 $a(EXLCZ)994100000012430925 100 $a20220118j|||||||| ||| 0 101 0 $afre 135 $auu||||||m|||| 181 $ctxt$2rdacontent 182 $cc$2rdamedia 183 $acr$2rdacarrier 200 13$aLa bataille oubliée $eAgnadel, 1509 : Louis XII contre les Vénitiens /$fFlorence Alazard 210 $aRennes $cPresses universitaires de Rennes$d2022 215 $a1 online resource (320 p.) 225 1 $aHistoire 311 $a2-7535-5133-2 330 $aEst-ce la faute à Marignan ? Sans doute : la victoire de François Ier sur les Suisses les 13 et 14 septembre 1515 semble avoir occulté celle que Louis XII remporta sur les Vénitiens à Agnadel le 14 mai 1509. Pourtant, Venise trembla et menaça alors de s?effondrer, et l?Europe toute entière résonna des échos mortels de cette bataille. Ce livre lève le voile sur un événement aujourd?hui le plus souvent relégué parmi la kyrielle des batailles secondaires des guerres d?Italie. On apprendra ainsi comment Venise la Républicaine devint, entre la fin du xve et le début du xvie siècle, la bête noire de toutes les grandes monarchies européennes ; on dénouera la complexité d?une propagande qui chercha à convaincre de l?inéluctabilité de la guerre ; on mesurera la richesse d?une littérature qui prit en charge le récit d?une actualité brûlante ; on apprendra comment on déclarait concrètement la guerre au début du xvie siècle ; on suivra les développements d?une bataille qui fut d?abord une surprise pour les belligérants ; on saura comment Louis XII et les Vénitiens surent maîtriser les suites de la bataille, au point que cette dernière contribua à la fois à consolider l?image d?un Louis XII de justice et à élaborer une partie du mythe de Venise. Ce sont quelques-unes des nombreuses facettes d?un événement qui permet d?accéder à l?écheveau qu?était l?Europe au début du xvie siècle. 606 $aHistory 606 $aFrance 606 $aVenise 606 $ahistoire moderne 606 $abataille 610 $aFrance 610 $aVenise 610 $ahistoire moderne 610 $abataille 615 4$aHistory 615 4$aFrance 615 4$aVenise 615 4$ahistoire moderne 615 4$abataille 700 $aAlazard$b Florence$01295032 701 $aBoucheron$b Patrick$0140238 801 0$bFR-FrMaCLE 906 $aBOOK 912 $a9910520198303321 996 $aLa bataille oubliée$93023327 997 $aUNINA LEADER 03580nam 2200589 450 001 9910817760603321 005 20190826145055.0 010 $a90-04-35284-8 024 7 $a10.1163/9789004352841 035 $a(CKB)4100000000775623 035 $a(MiAaPQ)EBC5151505 035 $a(OCoLC)1012488210 035 $a(nllekb)BRILL9789004352841 035 $a(EXLCZ)994100000000775623 100 $a20171219h20182018 uy 0 101 0 $aeng 135 $aurcnu|||||||| 181 $2rdacontent 182 $2rdamedia 183 $2rdacarrier 200 00$aAffect, emotion, and subjectivity in early modern Muslim Empires $enew studies in Ottoman, Safavid, and Mughal art and culture /$fedited by Kishwar Rizvi 210 1$aLeiden, The Netherlands ;$aBoston, [Massachusetts] :$cBrill,$d2018. 210 4$d©2018 215 $a1 online resource (234 pages) $ccolor illustrations 225 1 $aArts and Archaeology of the Islamic World,$x2213-3844 ;$vVolume 9 311 $a90-04-34047-5 320 $aIncludes bibliographical references at the end of each chapters and index. 327 $tFront Matter -- $tAcknowledgements and Note on Transliteration -- $tIntroduction: Affect, Emotion, and Subjectivity in the Early Modern Period /$rKishwar Rizvi -- $tChasing after the Muhandis /$rSussan Babaie -- $tWho?s Hiding Here? /$rMarianna Shreve Simpson -- $tOttoman Author Portraits in the Early-modern Period /$rEmine Fetvac? -- $tIn Defense and Devotion /$rChristiane Gruber -- $tSentiment in Silks /$rSylvia Houghteling -- $tThe City Built, the City Rendered /$rChanchal Dadlani -- $tF??iz Dihlav??s Female-Centered Poems and the Representation of Public Life in Late Mughal Society /$rSunil Sharma -- $tMevlevi Sufis and the Representation of Emotion in the Arts of the Ottoman World /$rJamal J. Elias. 330 $aAffect, Emotion and Subjectivity in Early Modern Muslim Empires presents new approaches to Ottoman Safavid and Mughal art and culture. Taking artistic agency as a starting point, the authors consider the rise in status of architects, the self-fashioning of artists, the development of public spaces, as well as new literary genres that focus on the individual subject and his or her place in the world. They consider the issue of affect as performative and responsive to certain emotions and actions, thus allowing insights into the motivations behind the making and, in some cases, the destruction of works of art. The interconnected histories of Iran,Turkey and India thus highlight the urban and intellectual changes that defined the early modern period. Contributors are: Sussan Babaie, Chanchal Dadlani, Jamal Elias, Emine Fetvaci, Christiane Gruber, Sylvia Hougteling, Kishwar Rizvi, Sunil Sharma, and Marianna Shreve Simpson. 410 0$aArts and archaeology of the Islamic world ;$vVolume 9. 606 $aEmotions in art 606 $aArt, Ottoman 606 $aArt, Mogul Empire 606 $aArt, Safavid 606 $aArchitecture, Mogul Empire 607 $aTurkey$xCivilization$y1288-1918 607 $aIndia$xCivilization 607 $aIran$xCivilization 615 0$aEmotions in art. 615 0$aArt, Ottoman. 615 0$aArt, Mogul Empire. 615 0$aArt, Safavid. 615 0$aArchitecture, Mogul Empire. 676 $a709.54 702 $aRizvi$b Kishwar 801 0$bMiAaPQ 801 1$bMiAaPQ 801 2$bMiAaPQ 906 $aBOOK 912 $a9910817760603321 996 $aAffect, emotion, and subjectivity in early modern Muslim Empires$93917983 997 $aUNINA